000 00494nam a2200181Ia 4500
001 9150
005 20260306160702.0
008 260306t1997||||xx |||||||||||||| ||spa||
041 _aESP
082 _a373.0985
_bL12
100 _aVexler T., Idel
_eAUT
245 0 _aLa educación secundaria de adolescentes en el Perú:
_brealidad y propuesta de desarrollo pedagógico
260 _c1997
300 _a198 páginas :
_c20 cm.
650 _aGEN
654 _aCED
942 _cLIB
_dJUS
_fJUS
_2ddc
_n
999 _c9150
_d9150